Library Banner

War and migration : (Record no. 93220)

MARC details
000 -LEADER
fixed length control field 00658cam a22001934a 4500
001 - CONTROL NUMBER
control field 13845873
005 - DATE AND TIME OF LATEST TRANSACTION
control field 20170508091757.0
008 - FIXED-LENGTH DATA ELEMENTS--GENERAL INFORMATION
fixed length control field 050119s2005 nyuab b 001 0 eng
020 ## - INTERNATIONAL STANDARD BOOK NUMBER
International Standard Book Number 9780415654784
040 ## - CATALOGING SOURCE
Transcribing agency PK-LaUMT
082 00 - DEWEY DECIMAL CLASSIFICATION NUMBER
Classification number 305.8942
Edition number 22
Item number MON-W
100 1# - MAIN ENTRY--PERSONAL NAME
Personal name Monsutti, Alessandro.
245 10 - TITLE STATEMENT
Title War and migration :
Remainder of title social networks and economic strategies of the Hazaras of Afghanistan /
Statement of responsibility, etc Alessandro Monsutti ; translated by Patrick Camiller
260 ## - PUBLICATION, DISTRIBUTION, ETC. (IMPRINT)
Place of publication, distribution, etc New York :
Name of publisher, distributor, etc Routledge,
Date of publication, distribution, etc 2005
300 ## - PHYSICAL DESCRIPTION
Extent xviii, 328 p. :
Other physical details ill., maps ;
Dimensions 24 cm.
490 1# - SERIES STATEMENT
Series statement Middle East studies: history, politics, and law
650 #0 - SUBJECT ADDED ENTRY--TOPICAL TERM
Topical term or geographic name as entry element Hazāras.
942 ## - ADDED ENTRY ELEMENTS (KOHA)
Koha item type Books
Holdings
Withdrawn status Lost status Damaged status Home library Current library Date acquired Full call number Barcode Date last seen Price effective from Koha item type
      UMT Main Campus UMT Main Campus 2017-05-08 305.8942 MON-W 108413 2022-06-16 2017-05-08 Books